<?xml version="1.0" encoding="UTF-8"?>
<record
    xmlns:xsi="http://www.w3.org/2001/XMLSchema-instance"
    xsi:schemaLocation="http://www.loc.gov/MARC21/slim http://www.loc.gov/standards/marcxml/schema/MARC21slim.xsd"
    xmlns="http://www.loc.gov/MARC21/slim">

  <leader>00814nam a22001697a 4500</leader>
  <controlfield tag="003">SGT</controlfield>
  <datafield tag="020" ind1=" " ind2=" ">
    <subfield code="a">9788122424089</subfield>
  </datafield>
  <datafield tag="082" ind1=" " ind2=" ">
    <subfield code="a">541.28, PRA</subfield>
  </datafield>
  <datafield tag="100" ind1=" " ind2=" ">
    <subfield code="a">PRASAD R.K.</subfield>
  </datafield>
  <datafield tag="245" ind1=" " ind2=" ">
    <subfield code="a">QUANTUM CHEMISTRY </subfield>
  </datafield>
  <datafield tag="250" ind1=" " ind2=" ">
    <subfield code="a">4TH </subfield>
  </datafield>
  <datafield tag="260" ind1=" " ind2=" ">
    <subfield code="a">NEW DELHI </subfield>
    <subfield code="b">NEW AGE </subfield>
    <subfield code="c">2010</subfield>
  </datafield>
  <datafield tag="300" ind1=" " ind2=" ">
    <subfield code="a">566</subfield>
  </datafield>
  <datafield tag="650" ind1=" " ind2=" ">
    <subfield code="a">QUANTUM CHEMISTRY </subfield>
  </datafield>
  <datafield tag="653" ind1=" " ind2=" ">
    <subfield code="a"> QUANTUM THEORY, MATTER WAVES, QUANTUM MECHANICAL FORMALISM, TRANSLATIONAL MOTION OF A PARTICLE, VIBRATIONAL MOTION OF A PARTICLE (HARMONIC OSCILLATOR), ROTATIONAL MOTION OF A PARTICL, HYDROGEN AND HYDROGEN-LIKE ATOMS, APPROXIMATION METHODS, MULTIELECTRONIC ATOMS, THEORY OF ANGULAR MOMENTU, SYMMETRY, GROUP THEORY AND QUANTUM CHEMISTRY, THEORY OF CHEMICAL BONDING (DIATOMIC MOLECULES), THEORY OF CHEMICAL BONDING (POLYATOMIC MOLECULES), DENSITY FUNCTIONAL THEORY</subfield>
  </datafield>
  <datafield tag="942" ind1=" " ind2=" ">
    <subfield code="2">ddc</subfield>
    <subfield code="c">FPS</subfield>
  </datafield>
  <datafield tag="952" ind1=" " ind2=" ">
    <subfield code="0">0</subfield>
    <subfield code="1">0</subfield>
    <subfield code="2">ddc</subfield>
    <subfield code="4">0</subfield>
    <subfield code="7">0</subfield>
    <subfield code="8">FS</subfield>
    <subfield code="a">SSSL</subfield>
    <subfield code="b">SSSL</subfield>
    <subfield code="c">TXT</subfield>
    <subfield code="d">2016-06-29</subfield>
    <subfield code="e">KIRTI PRAKASHAN </subfield>
    <subfield code="g">399.00</subfield>
    <subfield code="i">SGTU</subfield>
    <subfield code="o">541.28, PRA</subfield>
    <subfield code="p">PS867</subfield>
    <subfield code="r">2016-06-29 00:00:00</subfield>
    <subfield code="w">2015-09-15</subfield>
    <subfield code="y">FPS</subfield>
    <subfield code="k">2911</subfield>
  </datafield>
  <datafield tag="952" ind1=" " ind2=" ">
    <subfield code="0">0</subfield>
    <subfield code="1">0</subfield>
    <subfield code="2">ddc</subfield>
    <subfield code="4">0</subfield>
    <subfield code="7">1</subfield>
    <subfield code="8">FS</subfield>
    <subfield code="a">SSSL</subfield>
    <subfield code="b">SSSL</subfield>
    <subfield code="c">REF</subfield>
    <subfield code="d">2016-06-29</subfield>
    <subfield code="e">KIRTI PRAKASHAN </subfield>
    <subfield code="g">399.00</subfield>
    <subfield code="i">SGTU</subfield>
    <subfield code="l">5</subfield>
    <subfield code="o">541.28, PRA</subfield>
    <subfield code="p">PS868</subfield>
    <subfield code="r">2017-04-06 00:00:00</subfield>
    <subfield code="s">2017-04-05</subfield>
    <subfield code="w">2015-09-15</subfield>
    <subfield code="y">FPS</subfield>
    <subfield code="k">2911</subfield>
  </datafield>
  <datafield tag="999" ind1=" " ind2=" ">
    <subfield code="c">9319</subfield>
    <subfield code="d">9319</subfield>
  </datafield>
</record>
